Property valuation : (Record no. 24232)

MARC details
000 -LEADER
fixed length control field 03390cam a2200397 i 4500
001 - CONTROL NUMBER
control field 17982562
003 - CONTROL NUMBER IDENTIFIER
control field OSt
005 - DATE AND TIME OF LATEST TRANSACTION
control field 20211227094305.0
008 - FIXED-LENGTH DATA ELEMENTS--GENERAL INFORMATION
fixed length control field 131227s2014 nyua b 001 0 eng
010 ## - LIBRARY OF CONGRESS CONTROL NUMBER
LC control number 2013049404
020 ## - INTERNATIONAL STANDARD BOOK NUMBER
International Standard Book Number 9780415717670 (hardback)
020 ## - INTERNATIONAL STANDARD BOOK NUMBER
International Standard Book Number 9780415717687 (pbk)
020 ## - INTERNATIONAL STANDARD BOOK NUMBER
Canceled/invalid ISBN 9781315797700 (ebk)
040 ## - CATALOGING SOURCE
Original cataloging agency DLC
Language of cataloging eng
Transcribing agency HU
Description conventions rda
Modifying agency DLC
042 ## - AUTHENTICATION CODE
Authentication code pcc
050 00 - LIBRARY OF CONGRESS CALL NUMBER
Classification number HD1387
Item number .S28 2014
082 00 - DEWEY DECIMAL CLASSIFICATION NUMBER
Classification number 333.33/2SCA2014
Edition number 23
084 ## - OTHER CLASSIFICATION NUMBER
Classification number BUS054000
Number source bisacsh
100 1# - MAIN ENTRY--PERSONAL NAME
Personal name Scarrett, Douglas,
Dates associated with a name 1929-
9 (RLIN) 25313
245 10 - TITLE STATEMENT
Title Property valuation :
Remainder of title the five methods /
Statement of responsibility, etc. Douglas Scarrett, Sylvia Osborn.
250 ## - EDITION STATEMENT
Edition statement 3rd Edition.
264 #1 - PRODUCTION, PUBLICATION, DISTRIBUTION, MANUFACTURE, AND COPYRIGHT NOTICE
Place of production, publication, distribution, manufacture New York :
Name of producer, publisher, distributor, manufacturer Routledge,
Date of production, publication, distribution, manufacture, or copyright notice 2014.
300 ## - PHYSICAL DESCRIPTION
Extent xiv, 192 pages :
Other physical details illustration :
Dimensions 24 cm
336 ## - CONTENT TYPE
Content type term text
Source rdacontent
337 ## - MEDIA TYPE
Media type term unmediated
Source rdamedia
338 ## - CARRIER TYPE
Carrier type term volume
Source rdacarrier
504 ## - BIBLIOGRAPHY, ETC. NOTE
Bibliography, etc. note Includes bibliographical references and index.
520 ## - SUMMARY, ETC.
Summary, etc. "The third edition of Property Valuation: The Five Methods introduces students to the fundamental principles of property valuation theory by means of clear explanation and worked examples. An ideal text for those new to the subject, the book provides 1st year undergraduate students with a working knowledge and understanding of the five methods of valuation and the ways in which they are interlinked.In this fully revised edition, the new author team have:restructured the chapters to ensure a more logical orderoutlined economic theory of value and the rules and constraints under which a valuer worksprovided detailed consideration of each of the five recognised approachesplaced a larger emphasis on the Discounted Cash Flow approachThese revisions are all written in the concise and accessible style which has made previous editions of the book so successful. The new edition of this textbook will be essential reading for undergraduates on all property, real estate, planning and built environment courses. "--
Assigning source Provided by publisher.
520 ## - SUMMARY, ETC.
Summary, etc. "The third edition of Property Valuation: The Five Methods introduces students to the fundamental principles of property valuation theory by means of clear explanation and worked examples. An ideal text for those new to the subject, the book provides 1st year undergraduate students with a working knowledge and understanding of the five methods of valuation and the ways in which they are interlinked. In this fully revised edition, the new author team have: restructured the chapters to ensure a more logical order outlined economic theory of value and the rules and constraints under which a valuer works provided detailed consideration of each of the five recognised approaches placed a larger emphasis on the Discounted Cash Flow approach These revisions are all written in the concise and accessible style which has made previous editions of the book so successful. The new edition of this textbook will be essential reading for undergraduates on all property, real estate, planning and built environment courses"--
Assigning source Provided by publisher.
650 #0 - SUBJECT ADDED ENTRY--TOPICAL TERM
Topical term or geographic name entry element Real property
General subdivision Valuation.
9 (RLIN) 8841
650 #7 - SUBJECT ADDED ENTRY--TOPICAL TERM
Topical term or geographic name entry element BUSINESS & ECONOMICS / Real Estate.
Source of heading or term bisacsh
9 (RLIN) 25314
700 1# - ADDED ENTRY--PERSONAL NAME
Personal name Osborn, Sylvia.
9 (RLIN) 25315
906 ## - LOCAL DATA ELEMENT F, LDF (RLIN)
a 7
b cbc
c orignew
d 1
e ecip
f 20
g y-gencatlg
942 ## - ADDED ENTRY ELEMENTS (KOHA)
Source of classification or shelving scheme Dewey Decimal Classification
Koha item type Books like text book referance book
Suppress in OPAC No
Holdings
Withdrawn status Lost status Source of classification or shelving scheme Damaged status Not for loan Collection code Home library Current library Shelving location Date acquired Total Checkouts Full call number Barcode Date last seen Copy number Price effective from Koha item type
    Dewey Decimal Classification     Reference Wondo Genet Library Wondo Genet Library General Stacks 12/27/2021   333.33/2SCA2014 WGCFNRL00007774 12/27/2021 1 12/27/2021 Books like text book referance book